La civilisation des Hittites et des Hurrites du Mitanni /

محفوظ في:

المؤلف الرئيسي: Contenau, G., 1877-1964 (مؤلف)

التنسيق: كتاب

اللغة: French

منشور في: Paris : Payot, 1948 [c1934].

الطبعة: Nouv. éd. rev. et augm.

سلاسل: Bibliothèque historique.

الموضوعات:

الوسوم: إضافة وسم

لا توجد وسوم, كن أول من يضع وسما على هذه التسجيلة!

رقم الطلب: DS66 .C73 1948

LEADER 00942namaa2200289 4500
001 20885
003 OSt
005 20260203103839.0
008 130303r19481934fr abf b 000 0 fre d
040 |c ARCE Library 
043 |a aw----- 
050 4 |a DS66 .C73 1948 
100 1 |a Contenau, G.,   |q (Georges),   |d 1877-1964,   |e author  |9 28260 
245 1 3 |a La civilisation des Hittites et des Hurrites du Mitanni /  |c G. Contenau. 
250 |a Nouv. éd. rev. et augm. 
264 1 |a Paris :  |b Payot,  |c 1948 [c1934]. 
300 |a 201 pages :   |b illustrations, 16 plates, maps ;   |c 23 cm. 
490 0 |a Bibliothèque historique. 
500 |a First ed. published under title: La civilisation des Hittites et des Mitanniens. 
504 |a Bibliography : pages [7]-8. 
650 0 |a Hittites. 
650 0 |a Mitannians. 
650 0 |a Civilization, Ancient. 
651 0 |a Middle East  |x Antiquities. 
901 |a reviewed 
942 |c BK  |2 lcc 
999 |c 18439  |d 18439